| 000 | 00979nam a2200253 a 4500 | ||
|---|---|---|---|
| 001 | BRCA_4392 | ||
| 005 | 20190320204643.0 | ||
| 008 | 780105m19051906mx-ac#####---#000-0bspa-# | ||
| 041 | _aspa | ||
| 044 | _amx | ||
| 050 | 4 |
_aF1233.J8 _b.S54 1905 |
|
| 100 | 1 |
_aSierra, Justo _d1848-1912 _9756 |
|
| 245 | 1 | 0 |
_aJuárez _bsu obra y su tiempo _cJusto Sierra. |
| 260 |
_aMéxico _bJ. Ballescá y Compañía, Sucesores _c1905-1906 |
||
| 300 |
_a500 p. _bil. a color, retratos _c35 cm. _eCopia de la carta escrita y firmada por Benito Juárez: 4 hojas |
||
| 500 | _aIncluye índice de retratos | ||
| 500 | _aContiene carta dirigida a Sonia Corcuera sobre el canje que se realizó con el Centro de Estudios de Historia de México | ||
| 500 | _aColección Sonia Corcuera de Mancera | ||
| 600 | 1 | 4 |
_aJuárez, Benito _d1806-1872 _94845 |
| 651 | 4 |
_aMéxico _xHistoria _y1821-1861 _9618 |
|
| 651 | 4 |
_aMéxico _xHistoria _yIntervención europea, 1861-1867 _9758 |
|
| 902 | _aDSC | ||
| 942 |
_2lcc _cB |
||
| 999 |
_c4103 _d4103 |
||